Research methods and statistical techniques in library and information science

保存先:
書誌詳細
第一著者: Negi, M. S.
フォーマット: 図書
言語:Undetermined
出版事項: Darya Ganj, New Delhi Shree 2005
主題:
タグ: タグ追加
タグなし, このレコードへの初めてのタグを付けませんか!
Thư viện lưu trữ: Trung tâm Học liệu Trường Đại học Cần Thơ
LEADER 00552nam a2200193Ia 4500
001 CTU_124833
008 210402s9999 xx 000 0 und d
020 |c 32.00 
082 |a 020 
082 |b N384 
100 |a Negi, M. S. 
245 0 |a Research methods and statistical techniques in library and information science 
245 0 |c M. S. Negi 
260 |a Darya Ganj, New Delhi 
260 |b Shree 
260 |c 2005 
650 |a Library science,Information science 
904 |i Minh 
980 |a Trung tâm Học liệu Trường Đại học Cần Thơ